<?xml version="1.0" encoding="UTF-8"?>
<record
    xmlns:xsi="http://www.w3.org/2001/XMLSchema-instance"
    xsi:schemaLocation="http://www.loc.gov/MARC21/slim http://www.loc.gov/standards/marcxml/schema/MARC21slim.xsd"
    xmlns="http://www.loc.gov/MARC21/slim">

  <leader>02177Cam#a22004215a#4500</leader>
  <controlfield tag="005">20220224182313.0</controlfield>
  <controlfield tag="008">160301s2014||||ag ao  j#f   #000|0#spa#d</controlfield>
  <datafield tag="020" ind1=" " ind2=" ">
    <subfield code="a">9789875475953</subfield>
  </datafield>
  <datafield tag="040" ind1=" " ind2=" ">
    <subfield code="a">AR-BeUNQ</subfield>
    <subfield code="b">spa</subfield>
  </datafield>
  <datafield tag="082" ind1="0" ind2="4">
    <subfield code="a">570.7</subfield>
    <subfield code="2">21</subfield>
  </datafield>
  <datafield tag="245" ind1="0" ind2="0">
    <subfield code="a">Biolog&#xED;a : </subfield>
    <subfield code="b">intercambio de informaci&#xF3;n en los sistemas biol&#xF3;gicos. </subfield>
    <subfield code="c">asesora did&#xE1;ctica y de contenidos, Noem&#xED; Bocalandro.</subfield>
    <subfield code="n">3 / </subfield>
  </datafield>
  <datafield tag="250" ind1=" " ind2=" ">
    <subfield code="a">1a. ed.</subfield>
  </datafield>
  <datafield tag="260" ind1=" " ind2=" ">
    <subfield code="a">San Isidro : </subfield>
    <subfield code="b">Puerto de Palos, </subfield>
    <subfield code="c">c2014.</subfield>
  </datafield>
  <datafield tag="300" ind1=" " ind2=" ">
    <subfield code="a">192, 15 p. : </subfield>
    <subfield code="b">il., fot. ; </subfield>
    <subfield code="c">27 cm.</subfield>
  </datafield>
  <datafield tag="490" ind1="1" ind2=" ">
    <subfield code="a">Activados</subfield>
  </datafield>
  <datafield tag="504" ind1=" " ind2=" ">
    <subfield code="a">Incluye referencias bibliogr&#xE1;ficas.</subfield>
  </datafield>
  <datafield tag="505" ind1="0" ind2=" ">
    <subfield code="a">&#xBF;Qu&#xE9; es la biolog&#xED;a? -- Comportamiento animal -- Respuestas de las plantas, otros organismos y sus c&#xE9;lulas -- Percepci&#xF3;n sensorial: est&#xED;mulos y receptores -- El procesamiento de la informaci&#xF3;n: el sistema nervioso -- Regulaci&#xF3;n qu&#xED;mica en los seres vivos -- Respuestas motoras de los seres vivos -- El flujo de la informaci&#xF3;n gen&#xE9;tica: del ADN a las prote&#xED;nas</subfield>
  </datafield>
  <datafield tag="650" ind1=" " ind2="7">
    <subfield code="a">Biolog&#xED;a</subfield>
    <subfield code="2">spines</subfield>
  </datafield>
  <datafield tag="650" ind1=" " ind2="7">
    <subfield code="a">Comportamiento animal</subfield>
    <subfield code="2">spines</subfield>
  </datafield>
  <datafield tag="650" ind1=" " ind2="7">
    <subfield code="a">Plantas (bot&#xE1;nica)</subfield>
    <subfield code="2">spines</subfield>
  </datafield>
  <datafield tag="650" ind1=" " ind2="7">
    <subfield code="a">Percepci&#xF3;n</subfield>
    <subfield code="2">spines</subfield>
  </datafield>
  <datafield tag="650" ind1=" " ind2="7">
    <subfield code="a">Est&#xED;mulo y respuesta</subfield>
    <subfield code="2">spines</subfield>
  </datafield>
  <datafield tag="650" ind1=" " ind2="7">
    <subfield code="a">Sistema nervioso</subfield>
    <subfield code="2">spines</subfield>
  </datafield>
  <datafield tag="650" ind1=" " ind2="7">
    <subfield code="a">Sistema end&#xF3;crino</subfield>
    <subfield code="2">spines</subfield>
  </datafield>
  <datafield tag="650" ind1=" " ind2="7">
    <subfield code="a">Sistema esqueleto m&#xFA;sculo</subfield>
    <subfield code="2">spines</subfield>
  </datafield>
  <datafield tag="650" ind1=" " ind2="7">
    <subfield code="a">Gen&#xE9;tica</subfield>
    <subfield code="2">spines</subfield>
  </datafield>
  <datafield tag="650" ind1=" " ind2="7">
    <subfield code="a">Manuales</subfield>
    <subfield code="2">spines</subfield>
  </datafield>
  <datafield tag="650" ind1=" " ind2="7">
    <subfield code="a">Ense&#xF1;anza media</subfield>
    <subfield code="2">spines</subfield>
  </datafield>
  <datafield tag="700" ind1="1" ind2=" ">
    <subfield code="a">Bocalandro, Noem&#xED;, </subfield>
    <subfield code="e">asesora</subfield>
    <subfield code="4">oth</subfield>
  </datafield>
  <datafield tag="830" ind1=" " ind2="0">
    <subfield code="a">Activados (Puerto de Palos).</subfield>
  </datafield>
  <datafield tag="929" ind1=" " ind2=" ">
    <subfield code="a">COMPRA</subfield>
    <subfield code="b">El Monje Libros</subfield>
    <subfield code="c">Compra 2015 Exp. 827-2158/15</subfield>
    <subfield code="d">252,00</subfield>
    <subfield code="e">20151229</subfield>
    <subfield code="f">PAT0062085</subfield>
    <subfield code="j">54162</subfield>
  </datafield>
  <datafield tag="929" ind1=" " ind2=" ">
    <subfield code="a">COMPRA</subfield>
    <subfield code="b">El Monje Libros</subfield>
    <subfield code="c">Compra 2015 Exp. 827-2158/15</subfield>
    <subfield code="d">252,00</subfield>
    <subfield code="e">20151229</subfield>
    <subfield code="f">PAT0062086</subfield>
    <subfield code="j">54163</subfield>
  </datafield>
  <datafield tag="929" ind1=" " ind2=" ">
    <subfield code="a">COMPRA</subfield>
    <subfield code="b">El Monje Libros</subfield>
    <subfield code="c">Compra 2015 Exp. 827-2158/15</subfield>
    <subfield code="d">252,00</subfield>
    <subfield code="e">20151229</subfield>
    <subfield code="f">PAT0062087</subfield>
    <subfield code="j">54164</subfield>
  </datafield>
  <datafield tag="929" ind1=" " ind2=" ">
    <subfield code="a">COMPRA</subfield>
    <subfield code="b">El Monje Libros</subfield>
    <subfield code="c">Compra 2015 Exp. 827-2158/15</subfield>
    <subfield code="d">252,00</subfield>
    <subfield code="e">20151229</subfield>
    <subfield code="f">PAT0062088</subfield>
    <subfield code="j">54165</subfield>
  </datafield>
  <datafield tag="929" ind1=" " ind2=" ">
    <subfield code="a">COMPRA</subfield>
    <subfield code="b">El Monje Libros</subfield>
    <subfield code="c">Compra 2015 Exp. 827-2158/15</subfield>
    <subfield code="d">252,00</subfield>
    <subfield code="e">20151229</subfield>
    <subfield code="f">PAT0062089</subfield>
    <subfield code="j">54166</subfield>
  </datafield>
  <datafield tag="929" ind1=" " ind2=" ">
    <subfield code="a">COMPRA</subfield>
    <subfield code="b">El Monje Libros</subfield>
    <subfield code="c">Compra 2015 Exp. 827-2158/15</subfield>
    <subfield code="d">252,00</subfield>
    <subfield code="e">20151229</subfield>
    <subfield code="f">PAT0062090</subfield>
    <subfield code="j">54167</subfield>
  </datafield>
  <datafield tag="942" ind1=" " ind2=" ">
    <subfield code="c">LIB</subfield>
    <subfield code="n">0</subfield>
  </datafield>
  <datafield tag="999" ind1=" " ind2=" ">
    <subfield code="c">95</subfield>
    <subfield code="d">95</subfield>
  </datafield>
  <datafield tag="952" ind1=" " ind2=" ">
    <subfield code="0">0</subfield>
    <subfield code="1">0</subfield>
    <subfield code="3">3</subfield>
    <subfield code="a">BIBESET</subfield>
    <subfield code="b">BIBESET</subfield>
    <subfield code="c">circulacion</subfield>
    <subfield code="d">2016-06-02</subfield>
    <subfield code="h">v. 3</subfield>
    <subfield code="l">0</subfield>
    <subfield code="o">570.7 BIO</subfield>
    <subfield code="p">54162</subfield>
    <subfield code="r">2016-06-02</subfield>
    <subfield code="t">1</subfield>
    <subfield code="w">2022-02-24</subfield>
    <subfield code="y">LIB</subfield>
    <subfield code="k">CMG</subfield>
  </datafield>
  <datafield tag="952" ind1=" " ind2=" ">
    <subfield code="0">0</subfield>
    <subfield code="1">0</subfield>
    <subfield code="3">3</subfield>
    <subfield code="a">BIBESET</subfield>
    <subfield code="b">BIBESET</subfield>
    <subfield code="c">circulacion</subfield>
    <subfield code="d">2016-06-02</subfield>
    <subfield code="h">v. 3</subfield>
    <subfield code="l">0</subfield>
    <subfield code="o">570.7 BIO</subfield>
    <subfield code="p">54163</subfield>
    <subfield code="r">2016-06-02</subfield>
    <subfield code="t">2</subfield>
    <subfield code="w">2022-02-24</subfield>
    <subfield code="y">LIB</subfield>
    <subfield code="k">CMG</subfield>
  </datafield>
  <datafield tag="952" ind1=" " ind2=" ">
    <subfield code="0">0</subfield>
    <subfield code="1">0</subfield>
    <subfield code="3">3</subfield>
    <subfield code="a">BIBESET</subfield>
    <subfield code="b">BIBESET</subfield>
    <subfield code="c">circulacion</subfield>
    <subfield code="d">2016-06-02</subfield>
    <subfield code="h">v. 3</subfield>
    <subfield code="l">0</subfield>
    <subfield code="o">570.7 BIO</subfield>
    <subfield code="p">54164</subfield>
    <subfield code="r">2016-06-02</subfield>
    <subfield code="t">3</subfield>
    <subfield code="w">2022-02-24</subfield>
    <subfield code="y">LIB</subfield>
    <subfield code="k">CMG</subfield>
  </datafield>
  <datafield tag="952" ind1=" " ind2=" ">
    <subfield code="0">0</subfield>
    <subfield code="1">0</subfield>
    <subfield code="3">3</subfield>
    <subfield code="a">BIBESET</subfield>
    <subfield code="b">BIBESET</subfield>
    <subfield code="c">circulacion</subfield>
    <subfield code="d">2016-06-02</subfield>
    <subfield code="h">v. 3</subfield>
    <subfield code="l">0</subfield>
    <subfield code="o">570.7 BIO</subfield>
    <subfield code="p">54165</subfield>
    <subfield code="r">2016-06-02</subfield>
    <subfield code="t">4</subfield>
    <subfield code="w">2022-02-24</subfield>
    <subfield code="y">LIB</subfield>
    <subfield code="k">CMG</subfield>
  </datafield>
  <datafield tag="952" ind1=" " ind2=" ">
    <subfield code="0">0</subfield>
    <subfield code="1">0</subfield>
    <subfield code="3">3</subfield>
    <subfield code="a">BIBESET</subfield>
    <subfield code="b">BIBESET</subfield>
    <subfield code="c">circulacion</subfield>
    <subfield code="d">2016-06-02</subfield>
    <subfield code="h">v. 3</subfield>
    <subfield code="l">0</subfield>
    <subfield code="o">570.7 BIO</subfield>
    <subfield code="p">54166</subfield>
    <subfield code="r">2016-06-02</subfield>
    <subfield code="t">5</subfield>
    <subfield code="w">2022-02-24</subfield>
    <subfield code="y">LIB</subfield>
    <subfield code="k">CMG</subfield>
  </datafield>
  <datafield tag="952" ind1=" " ind2=" ">
    <subfield code="0">0</subfield>
    <subfield code="1">0</subfield>
    <subfield code="3">3</subfield>
    <subfield code="a">BIBESET</subfield>
    <subfield code="b">BIBESET</subfield>
    <subfield code="c">circulacion</subfield>
    <subfield code="d">2016-06-02</subfield>
    <subfield code="h">v. 3</subfield>
    <subfield code="l">0</subfield>
    <subfield code="o">570.7 BIO</subfield>
    <subfield code="p">54167</subfield>
    <subfield code="r">2016-06-02</subfield>
    <subfield code="t">6</subfield>
    <subfield code="w">2022-02-24</subfield>
    <subfield code="y">LIB</subfield>
    <subfield code="k">CMG</subfield>
  </datafield>
  <datafield tag="952" ind1=" " ind2=" ">
    <subfield code="0">0</subfield>
    <subfield code="1">0</subfield>
    <subfield code="a">BIBESET</subfield>
    <subfield code="b">BIBESET</subfield>
    <subfield code="c">circulacion</subfield>
    <subfield code="d">2021-03-01</subfield>
    <subfield code="h">V.3</subfield>
    <subfield code="o">570.7 BIO</subfield>
    <subfield code="p">60592</subfield>
    <subfield code="r">2023-04-11</subfield>
    <subfield code="t">7</subfield>
    <subfield code="y">LIB</subfield>
  </datafield>
  <datafield tag="952" ind1=" " ind2=" ">
    <subfield code="0">0</subfield>
    <subfield code="1">0</subfield>
    <subfield code="a">BIBESET</subfield>
    <subfield code="b">BIBESET</subfield>
    <subfield code="c">circulacion</subfield>
    <subfield code="d">2021-03-01</subfield>
    <subfield code="h">v.3</subfield>
    <subfield code="o">570.7 BIO</subfield>
    <subfield code="p">60593</subfield>
    <subfield code="r">2023-04-11</subfield>
    <subfield code="t">8</subfield>
    <subfield code="y">LIB</subfield>
  </datafield>
  <datafield tag="952" ind1=" " ind2=" ">
    <subfield code="0">0</subfield>
    <subfield code="1">0</subfield>
    <subfield code="a">BIBESET</subfield>
    <subfield code="b">BIBESET</subfield>
    <subfield code="c">circulacion</subfield>
    <subfield code="d">2021-03-01</subfield>
    <subfield code="h">v.3</subfield>
    <subfield code="o">570.7 BIO</subfield>
    <subfield code="p">60594</subfield>
    <subfield code="r">2023-04-11</subfield>
    <subfield code="t">9</subfield>
    <subfield code="y">LIB</subfield>
  </datafield>
  <datafield tag="952" ind1=" " ind2=" ">
    <subfield code="0">0</subfield>
    <subfield code="1">0</subfield>
    <subfield code="a">BIBESET</subfield>
    <subfield code="b">BIBESET</subfield>
    <subfield code="c">circulacion</subfield>
    <subfield code="d">2021-03-01</subfield>
    <subfield code="h">v.3</subfield>
    <subfield code="o">570.7 BIO</subfield>
    <subfield code="p">60595</subfield>
    <subfield code="r">2023-04-11</subfield>
    <subfield code="t">10</subfield>
    <subfield code="y">LIB</subfield>
  </datafield>
  <datafield tag="952" ind1=" " ind2=" ">
    <subfield code="0">0</subfield>
    <subfield code="1">0</subfield>
    <subfield code="a">BIBESET</subfield>
    <subfield code="b">BIBESET</subfield>
    <subfield code="c">circulacion</subfield>
    <subfield code="d">2021-03-01</subfield>
    <subfield code="h">v.3</subfield>
    <subfield code="o">570.7 BIO</subfield>
    <subfield code="p">60596</subfield>
    <subfield code="r">2023-04-11</subfield>
    <subfield code="t">11</subfield>
    <subfield code="y">LIB</subfield>
  </datafield>
  <datafield tag="952" ind1=" " ind2=" ">
    <subfield code="0">0</subfield>
    <subfield code="1">0</subfield>
    <subfield code="a">BIBESET</subfield>
    <subfield code="b">BIBESET</subfield>
    <subfield code="c">circulacion</subfield>
    <subfield code="d">2021-03-01</subfield>
    <subfield code="h">v.3</subfield>
    <subfield code="o">570.7 BIO</subfield>
    <subfield code="p">60597</subfield>
    <subfield code="r">2023-04-11</subfield>
    <subfield code="t">12</subfield>
    <subfield code="y">LIB</subfield>
  </datafield>
  <datafield tag="952" ind1=" " ind2=" ">
    <subfield code="0">0</subfield>
    <subfield code="1">0</subfield>
    <subfield code="a">BIBESET</subfield>
    <subfield code="b">BIBESET</subfield>
    <subfield code="c">circulacion</subfield>
    <subfield code="d">2021-03-01</subfield>
    <subfield code="h">v.3</subfield>
    <subfield code="o">570.7 BIO</subfield>
    <subfield code="p">60598</subfield>
    <subfield code="r">2023-04-11</subfield>
    <subfield code="t">13</subfield>
    <subfield code="y">LIB</subfield>
  </datafield>
  <datafield tag="952" ind1=" " ind2=" ">
    <subfield code="0">0</subfield>
    <subfield code="1">0</subfield>
    <subfield code="a">BIBESET</subfield>
    <subfield code="b">BIBESET</subfield>
    <subfield code="c">circulacion</subfield>
    <subfield code="d">2023-06-06</subfield>
    <subfield code="h">v.3</subfield>
    <subfield code="l">0</subfield>
    <subfield code="o">570.7 BIO</subfield>
    <subfield code="p">60656</subfield>
    <subfield code="r">2023-06-06</subfield>
    <subfield code="w">2023-06-06</subfield>
    <subfield code="y">LIB</subfield>
  </datafield>
  <datafield tag="952" ind1=" " ind2=" ">
    <subfield code="0">0</subfield>
    <subfield code="1">0</subfield>
    <subfield code="a">BIBESET</subfield>
    <subfield code="b">BIBESET</subfield>
    <subfield code="c">circulacion</subfield>
    <subfield code="d">2023-06-09</subfield>
    <subfield code="h">v.3</subfield>
    <subfield code="l">0</subfield>
    <subfield code="o">570.8 BIO</subfield>
    <subfield code="p">60657</subfield>
    <subfield code="r">2023-06-09</subfield>
    <subfield code="w">2023-06-09</subfield>
    <subfield code="y">LIB</subfield>
  </datafield>
</record>
